000
00271nam a2200109Ia 4500
008
200302s9999 xx 000 0 und d
100
_a
Kuniko Fujita
245
_a
Cities And Crisis
260
_b
Sage Studies In International Sociology
260
_c
2013
300
_a
325 P
999
_c
5420
_d
5420